000 00605nam a2200181 i 4500
001 102906
003 ES-MaACL
005 20250730063120.0
007 t|
008 051216s1869 fr ||||1| fre d
100 1 _aParieu, Marie-Louis-Pierre Félix Esquirou de,
_d1815-1893
_9154753
245 1 0 _aProgrès récents et avenir de l'unification monétaire /
_cpar E. de Parieu.
260 _aParis :
_bGuillaumin,
_c1869.
300 _a23 p. ;
_c26 cm.
500 _aExtrait du Journal des Economistes (numeró de Décembre 1869)
852 _aES-MaACL
_jT-1272-F-2
999 _c102906
_d102906